| 000 | 00591nam a22001815i 4500 | ||
|---|---|---|---|
| 001 | 156953 | ||
| 003 | ES-MaACL | ||
| 005 | 20230906210535.0 | ||
| 008 | 991124s1900 fr |||| | fre d | ||
| 040 |
_aCCPB | B _bspa _cCCPB | B |
||
| 100 | 1 |
_aLamarzelle, G. de. _9128623 |
|
| 245 | 1 | 3 |
_aLa crise universitaire d'apres l'enquete de la Chambre des Deputes / _cpar G. de Lamarzelle. |
| 260 |
_aParis : _bPerrin et Cie., _c1900. |
||
| 300 |
_a290 p. ; _c19 cm. |
||
| 650 |
_aEnseñanza superior- _zFrancia. _9154616 |
||
| 752 |
_aFrancia - _dParís |
||
| 852 |
_aES-MaACL _jF-5837 _z-- Rúst. |
||
| 999 |
_c156953 _d156953 |
||